000 006290000a22001810004500
090 _aAR
_b01668
245 1 0 _aNotes on the vegetation of Amazonia II. The dispersal of plants in amazonian white sand Campinas: the Campinas as functional islands
650 1 4 _aBiogeografía
_992747
650 1 4 _aEcología vegetal
_9353
650 1 4 _aDispersión de semillas
_992588
650 1 4 _aBosques lluviosos tropicales
_993822
651 4 _lRío Negro
_pAmazonia
_992749
041 0 _aInglés
700 1 _aPrance, Ghillean T.
_915187
100 1 _aMacedo, Miramy
_995088
942 _cARTICULO
773 1 _tBrittonia
_3120
_h30
_q203-215
_d1978
999 _c10748
_d10748